Alamán : (Record no. 1386)
[ view plain ]
| 000 -CABECERA | |
|---|---|
| campo de control de longitud fija | 00511nam a2200169 a 4500 |
| 005 - FECHA Y HORA DE LA ÚLTIMA TRANSACCIÓN | |
| campo de control | 20210223120438.0 |
| 008 - ELEMENTOS DE LONGITUD FIJA--INFORMACIÓN GENERAL | |
| campo de control de longitud fija | 991125s1938 mx 000 0 spa u |
| 035 ## - NÚMERO DE CONTROL DEL SISTEMA | |
| Número de control de sistema | UPN01000001386 |
| 049 ## - COLECCIÓN | |
| Colección | CG |
| 050 #4 - SIGNATURA TOPOGRÁFICA DE LA BIBLIOTECA DEL CONGRESO | |
| Número de clasificación | F1232.98 A4 |
| Número de documento/Ítem | V3.2 |
| 100 1# - ASIENTO PRINCIPAL--NOMBRE PERSONAL | |
| Nombre de persona | Valadés, José C., |
| Fechas asociadas al nombre | 1901-1976 |
| 9 (RLIN) | 28550 |
| 245 10 - MENCIÓN DE TÍTULO | |
| Título | Alamán : |
| Resto del título | estadista e historiador / |
| Mención de responsabilidad, etc. | José C. Valadés. |
| 260 ## - PUBLICACIÓN, DISTRIBUCIÓN, ETC. | |
| Lugar de publicación, distribución, etc. | México : |
| Nombre del editor, distribuidor, etc. | Robredo, |
| Fecha de publicación, distribución, etc. | 1938. |
| 300 ## - DESCRIPCIÓN FÍSICA | |
| Extensión | 576 p., [16] p. de láms. : |
| Otras características físicas | retrs. |
| 600 14 - ASIENTO SECUNDARIO DE MATERIA - NOMBRE PERSONAL | |
| Nombre de persona | ALAMAN, LUCAS, |
| Fechas asociadas al nombre | 1792-1853 |
| 9 (RLIN) | 1991 |
| 905 ## - TIPO DE MATERIAL | |
| Tipo de material | Libro |
| Estado de retiro | Estado de pérdida | Fuente del sistema de clasificación o colocación | Estado dañado | No para préstamo | Código de colección | Localización permanente | Ubicación/localización actual | Ubicación en estantería | Total de préstamos | Clasificación | Código de barras | Fecha visto por última vez | Número de copia | Tipo de ítem Koha |
|---|---|---|---|---|---|---|---|---|---|---|---|---|---|---|
| Library of Congress Classification | Colección General | Bib. Gregorio Torres Quintero | Bib. Gregorio Torres Quintero | Planta baja | F1232.98 A4 V3.2 | 14013 | 31/12/2020 | 1 | Libro |
